000 00363 a2200157 4500
001 74751
020 _a978851005038-8
040 _cAnchieta - Colégio São Paulo
100 _aGuerreiro, Thales Adriano
240 1 0 _aTempo de História
_lpor
245 1 0 _aTempo de História
300 _a264
362 0 _a2011
650 4 _aHistória do mundo
942 _cBK
999 _c74751
_d74751